[Event "FICGS theme 0256 email"]
[Site "FICGS email"]
[Date "2023.03.25"]
[Round "1"]
[White "Cirulis, Ilmars"]
[Black "Domingo, Jordi"]
[Result "1-0"]
[WhiteElo "2248"]
[BlackElo "2003"]
[PlyCount "53"]
[EventDate "2023.??.??"]
[EventType "swiss (corr)"]
[EventRounds "1"]
[SourceTitle "Corr 2024"]
[Source "ChessBase"]
[SourceDate "2023.10.19"]
[SourceVersion "1"]
[SourceVersionDate "2023.10.19"]
[SourceQuality "1"]

1. Nf3 d5 2. b4 Bf5 3. e3 e6 4. a3 c5 5. c4 dxc4 6. Bxc4 Nc6 7. Qa4 Nf6 8. Ne5 Qc7 9. Nxc6 bxc6 10. d3 Be7 11. Nd2 0-0 12. bxc5 Bxc5 13. 0-0 Rab8 14. Qc2 Rfd8 15. e4 Bg6 16. Nb3 Ng4 17. g3 Bd6 18. f4 Qb6+ 19. Kh1 a5 20. a4 h5 21. Qe2 Bb4 22. h3 Nf6 23. g4 hxg4 24. hxg4 Bc3 25. Ra2 Bh7 26. g5 Ne8 27. Qh5 1-0

[Event "FICGS theme 0256 email"]
[Site "FICGS email"]
[Date "2023.03.25"]
[Round "1"]
[White "Domingo, Jordi"]
[Black "Teverovski, Bogoljub"]
[Result "1-0"]
[WhiteElo "2003"]
[BlackElo "2082"]
[PlyCount "47"]
[EventDate "2023.??.??"]
[EventType "swiss (corr)"]
[EventRounds "1"]
[SourceTitle "Corr 2024"]
[Source "ChessBase"]
[SourceDate "2023.10.19"]
[SourceVersion "1"]
[SourceVersionDate "2023.10.19"]
[SourceQuality "1"]

1. Nf3 d5 2. b4 a5 3. b5 a4 4. e3 Nd7 5. c4 Ngf6 6. Ba3 dxc4 7. Bxc4 Nb6 8. Be2 g6 9. Nc3 Bg7 10. Rc1 0-0 11. 0-0 Bf5 12. Nd4 Bc8 13. Qc2 Re8 14. f4 Bg4 15. f5 Bxe2 16. Ncxe2 Rc8 17. Nf4 Nfd5 18. fxg6 hxg6 19. Nfe6 Qd7 20. Rxf7 Kxf7 21. Rf1+ Bf6 22. Ng5+ Kg7 23. Nde6+ Kh6 24. Rf3 1-0

[Event "FICGS class C 000307 email"]
[Site "FICGS email"]
[Date "2022.10.31"]
[Round "1"]
[White "Domingo, Jordi"]
[Black "Sury, Radim"]
[Result "0-1"]
[WhiteElo "1962"]
[BlackElo "2000"]
[PlyCount "82"]
[EventDate "2022.??.??"]
[EventType "tourn (corr)"]
[EventRounds "4"]
[SourceTitle "Corr 2024"]
[Source "ChessBase"]
[SourceDate "2023.10.19"]
[SourceVersion "1"]
[SourceVersionDate "2023.10.19"]
[SourceQuality "1"]

1. g4 d5 2. h3 e5 3. Bg2 c6 4. d4 e4 5. c4 f5 6. Nc3 Bb4 7. Qb3 a5 8. a3 Bxc3+ 9. bxc3 a4 10. Qa2 Nf6 11. Bg5 Nbd7 12. cxd5 cxd5 13. c4 h6 14. Bd2 dxc4 15. Qxc4 Nb6 16. Qc5 Nbd5 17. gxf5 Bxf5 18. e3 Rc8 19. Qb5+ Bd7 20. Qxb7 Rb8 21. Qa7 0-0 22. Bf1 Kh7 23. Ne2 Qe7 24. Qc5 Qf7 25. Qd6 Nh5 26. Qh2 Rb6 27. Qg1 Bb5 28. Rc1 Rg6 29. Bg2 Kh8 30. Rc5 Bxe2 31. Kxe2 Nxe3 32. Bxe3 Qa2+ 33. Kd1 Nf4 34. Rc2 Qa1+ 35. Kd2 Qxa3 36. Bxf4 Qd3+ 37. Kc1 Rxf4 38. Qf1 Qa3+ 39. Kd1 Qa1+ 40. Ke2 Qxd4 41. Rd2 Qc4+ 0-1

[Event "FICGS class C 000307 email"]
[Site "FICGS email"]
[Date "2022.10.31"]
[Round "1"]
[White "Pintor, Manuel"]
[Black "Domingo, Jordi"]
[Result "0-1"]
[WhiteElo "1693"]
[BlackElo "1962"]
[PlyCount "50"]
[EventDate "2022.??.??"]
[EventType "tourn (corr)"]
[EventRounds "4"]
[SourceTitle "Corr 2024"]
[Source "ChessBase"]
[SourceDate "2023.10.19"]
[SourceVersion "1"]
[SourceVersionDate "2023.10.19"]
[SourceQuality "1"]

1. e4 e5 2. f4 exf4 3. Nf3 d6 4. Bc4 h6 5. d4 g5 6. 0-0 Bg7 7. c3 Ne7 8. h4 Ng6 9. h5 Ne7 10. Qb3 0-0 11. Nbd2 Nd7 12. Bd3 Nf6 13. e5 Nxh5 14. exd6 cxd6 15. Ne4 d5 16. Nexg5 hxg5 17. Nxg5 Ng6 18. Nf3 Re8 19. Qd1 Bg4 20. Qb3 Bxf3 21. Rxf3 Qh4 22. Bd2 Ng3 23. Rd1 Qh1+ 24. Kf2 Re2+ 25. Bxe2 Ne4# 0-1

[Event "FICGS class C 000306 email"]
[Site "FICGS email"]
[Date "2022.10.15"]
[Round "1"]
[White "Domingo, Jordi"]
[Black "Pech, Stepan"]
[Result "0-1"]
[WhiteElo "1962"]
[BlackElo "1922"]
[PlyCount "46"]
[EventDate "2022.??.??"]
[EventType "tourn (corr)"]
[EventRounds "4"]
[SourceTitle "Corr 2024"]
[Source "ChessBase"]
[SourceDate "2023.10.19"]
[SourceVersion "1"]
[SourceVersionDate "2023.10.19"]
[SourceQuality "1"]

1. g4 d5 2. Bg2 c6 3. h3 e5 4. d4 e4 5. c4 Bd6 6. Nc3 Ne7 7. Bg5 f6 8. Bd2 0-0 9. Qb3 Kh8 10. e3 f5 11. cxd5 cxd5 12. Nge2 Nbc6 13. f3 Na5 14. Qc2 exf3 15. Bxf3 Bd7 16. 0-0-0 b5 17. Kb1 Rc8 18. Qd3 Qe8 19. a3 Nc4 20. Nxd5 b4 21. Bxb4 Bb5 22. Nxe7 Bxe7 23. a4 Ba6 0-1

[Event "FICGS class C 000306 email"]
[Site "FICGS email"]
[Date "2022.10.15"]
[Round "1"]
[White "Domingo, Jordi"]
[Black "Pintor, Manuel"]
[Result "1-0"]
[WhiteElo "1962"]
[BlackElo "1693"]
[PlyCount "45"]
[EventDate "2022.??.??"]
[EventType "tourn (corr)"]
[EventRounds "4"]
[SourceTitle "Corr 2024"]
[Source "ChessBase"]
[SourceDate "2023.10.19"]
[SourceVersion "1"]
[SourceVersionDate "2023.10.19"]
[SourceQuality "1"]

1. g4 e5 2. d3 Bc5 3. Nf3 Nc6 4. c3 d6 5. h3 h6 6. b4 Bb6 7. Nbd2 Nf6 8. Qc2 0-0 9. Rg1 a5 10. b5 Ne7 11. Nc4 Bc5 12. g5 hxg5 13. Nxg5 Ng6 14. Be3 Bxe3 15. Nxe3 Nh5 16. d4 Nhf4 17. dxe5 dxe5 18. h4 a4 19. h5 Ne6 20. Rd1 Qf6 21. Nd5 Qd8 22. Ne4 f5 23. Ndf6+ 1-0

[Event "FICGS class C 000305 email"]
[Site "FICGS email"]
[Date "2022.09.08"]
[Round "1"]
[White "Domingo, Jordi"]
[Black "Pintor, Manuel"]
[Result "1-0"]
[WhiteElo "1962"]
[BlackElo "1693"]
[PlyCount "31"]
[EventDate "2022.??.??"]
[EventType "tourn (corr)"]
[EventRounds "4"]
[SourceTitle "Corr 2024"]
[Source "ChessBase"]
[SourceDate "2023.10.19"]
[SourceVersion "1"]
[SourceVersionDate "2023.10.19"]
[SourceQuality "1"]

1. b4 e5 2. Bb2 Qf6 3. Nf3 d6 4. c4 Bg4 5. Nc3 Ne7 6. d4 Bxf3 7. gxf3 Nbc6 8. d5 Nxb4 9. Qa4+ Nec6 10. a3 Nd3+ 11. exd3 0-0-0 12. dxc6 bxc6 13. Bh3+ Kb7 14. Nd5 cxd5 15. Bd4 exd4 16. Rb1+ 1-0

[Event "FICGS class C 000305 email"]
[Site "FICGS email"]
[Date "2022.09.08"]
[Round "1"]
[White "Pech, Stepan"]
[Black "Domingo, Jordi"]
[Result "0-1"]
[WhiteElo "1922"]
[BlackElo "1962"]
[PlyCount "36"]
[EventDate "2022.??.??"]
[EventType "tourn (corr)"]
[EventRounds "4"]
[SourceTitle "Corr 2024"]
[Source "ChessBase"]
[SourceDate "2023.10.19"]
[SourceVersion "1"]
[SourceVersionDate "2023.10.19"]
[SourceQuality "1"]

1. e4 e5 2. Nf3 f5 3. Nxe5 Nf6 4. Bc4 Qe7 5. d4 Nc6 6. 0-0 fxe4 7. Ng4 Nxg4 8. Qxg4 Nb4 9. d5 d6 10. Qe2 c6 11. Nc3 Bf5 12. Be3 0-0-0 13. Bxa7 b5 14. a3 Na6 15. Be3 bxc4 16. Qxc4 Nc7 17. dxc6 d5 18. Qb3 Rd6 0-1

[Event "FICGS class C 000360 email"]
[Site "FICGS email"]
[Date "2022.08.28"]
[Round "1"]
[White "Javier, Christian"]
[Black "Domingo, Jordi"]
[Result "1-0"]
[WhiteElo "2154"]
[BlackElo "1909"]
[PlyCount "39"]
[EventDate "2022.??.??"]
[EventType "tourn (corr)"]
[EventRounds "1"]
[SourceTitle "Corr 2024"]
[Source "ChessBase"]
[SourceDate "2023.10.19"]
[SourceVersion "1"]
[SourceVersionDate "2023.10.19"]
[SourceQuality "1"]

1. d4 b5 2. Nd2 Bb7 3. e4 a6 4. a4 Nf6 5. e5 Nd5 6. Ngf3 b4 7. Ne4 e6 8. Bd3 Be7 9. 0-0 Nc6 10. c4 bxc3 11. bxc3 Rb8 12. Bd2 d6 13. Qe2 a5 14. Rfb1 Ba8 15. Rb5 dxe5 16. dxe5 0-0 17. Rd1 Re8 18. c4 Ndb4 19. Bb1 Qc8 20. Nf6+ 1-0

[Event "FICGS class C 000303 email"]
[Site "FICGS email"]
[Date "2022.08.06"]
[Round "1"]
[White "Domingo, Jordi"]
[Black "Pintor, Manuel"]
[Result "1-0"]
[WhiteElo "1909"]
[BlackElo "1694"]
[PlyCount "29"]
[EventDate "2022.??.??"]
[EventType "tourn (corr)"]
[EventRounds "4"]
[SourceTitle "Corr 2024"]
[Source "ChessBase"]
[SourceDate "2023.10.19"]
[SourceVersion "1"]
[SourceVersionDate "2023.10.19"]
[SourceQuality "1"]

1. g4 e5 2. c4 Bc5 3. Nc3 Qh4 4. e3 d6 5. Nf3 Qxg4 6. Rg1 Qh5 7. Nd5 Bb6 8. Rxg7 Bg4 9. Rxg8+ Rxg8 10. Nf6+ Kd8 11. Nxh5 Bxh5 12. c5 Bxc5 13. Qb3 Bb6 14. Qc4 Rf8 15. Qh4+ 1-0

[Event "FICGS class C 000357 email"]
[Site "FICGS email"]
[Date "2022.07.12"]
[Round "1"]
[White "Domingo, Jordi"]
[Black "Nimylovych, Taras"]
[Result "0-1"]
[WhiteElo "1909"]
[BlackElo "2051"]
[PlyCount "66"]
[EventDate "2022.??.??"]
[EventType "tourn (corr)"]
[EventRounds "1"]
[SourceTitle "Corr 2024"]
[Source "ChessBase"]
[SourceDate "2023.10.19"]
[SourceVersion "1"]
[SourceVersionDate "2023.10.19"]
[SourceQuality "1"]

1. g4 d5 2. Bg2 Bxg4 3. c4 c6 4. Qb3 e6 5. Qxb7 Nd7 6. Nc3 Ne7 7. cxd5 exd5 8. d4 Rb8 9. Qa6 Rb6 10. Qd3 Ng6 11. h3 Be6 12. Nf3 Bd6 13. h4 h5 14. Ng5 Bg4 15. b3 Nf6 16. Bd2 0-0 17. 0-0-0 Nf4 18. Bxf4 Bxf4+ 19. Kb2 Qe7 20. Rde1 g6 21. e3 Bd6 22. Bh3 Bxh3 23. Nxh3 c5 24. dxc5 Bxc5 25. Nf4 Rc8 26. Kb1 Qe5 27. f3 Bb4 28. Ncxd5 Nxd5 29. Qxd5 Qf6 30. Rd1 Ba3 31. Qd4 Qc6 32. Nd5 Qc2+ 33. Ka1 Ra6 0-1

[Event "FICGS class C 000357 email"]
[Site "FICGS email"]
[Date "2022.07.12"]
[Round "1"]
[White "Domingo, Jordi"]
[Black "Vollmer, Steve"]
[Result "1-0"]
[WhiteElo "1909"]
[BlackElo "1810"]
[PlyCount "41"]
[EventDate "2022.??.??"]
[EventType "tourn (corr)"]
[EventRounds "1"]
[SourceTitle "Corr 2024"]
[Source "ChessBase"]
[SourceDate "2023.10.19"]
[SourceVersion "1"]
[SourceVersionDate "2023.10.19"]
[SourceQuality "1"]

1. g4 e5 2. c4 Bc5 3. Nc3 d6 4. e3 Nc6 5. a3 a5 6. h4 f5 7. gxf5 Bxf5 8. Nge2 Qf6 9. Ng3 Nh6 10. Nce4 Qf7 11. Nxf5 Nxf5 12. b3 0-0 13. Qg4 h6 14. h5 Rae8 15. Bb2 g5 16. hxg6 Qg7 17. Bd3 Nce7 18. Nxc5 dxc5 19. Rh5 Qf6 20. f4 Qxg6 21. Qxg6+ 1-0

[Event "FICGS rapid A 000277 email"]
[Site "FICGS email"]
[Date "2021.12.19"]
[Round "1"]
[White "Greenberg, Normund"]
[Black "Domingo, Jordi"]
[Result "1-0"]
[WhiteElo "1993"]
[BlackElo "2020"]
[PlyCount "57"]
[EventDate "2021.??.??"]
[EventType "tourn (rapid)"]
[EventRounds "6"]
[SourceTitle "Corr 2024"]
[Source "ChessBase"]
[SourceDate "2023.10.19"]
[SourceVersion "1"]
[SourceVersionDate "2023.10.19"]
[SourceQuality "1"]

1. d4 d5 2. c4 dxc4 3. e3 Nf6 4. Nf3 e6 5. Bxc4 c5 6. 0-0 a6 7. dxc5 Qxd1 8. Rxd1 Bxc5 9. Be2 Nbd7 10. Nbd2 b6 11. Nb3 Be7 12. Ne1 Bb7 13. f3 Rc8 14. e4 0-0 15. Be3 Rc7 16. Nd3 Rfc8 17. a3 h6 18. Bf2 e5 19. Nd2 Rc2 20. Bf1 g6 21. a4 Bd6 22. b3 a5 23. Nc4 Bc7 24. Nc1 Kg7 25. Rb1 Bb8 26. Bd3 Rxf2 27. Kxf2 Nc5 28. Kf1 Nfd7 29. Be2 1-0

[Event "FICGS class C 000347 email"]
[Site "FICGS email"]
[Date "2021.11.15"]
[Round "1"]
[White "Domingo, Jordi"]
[Black "Bussoli, Marco"]
[Result "0-1"]
[WhiteElo "2020"]
[BlackElo "1966"]
[PlyCount "46"]
[EventDate "2021.??.??"]
[EventType "tourn (corr)"]
[EventRounds "1"]
[SourceTitle "Corr 2024"]
[Source "ChessBase"]
[SourceDate "2023.10.19"]
[SourceVersion "1"]
[SourceVersionDate "2023.10.19"]
[SourceQuality "1"]

1. g4 d5 2. Bg2 Bxg4 3. c4 c6 4. Qb3 e6 5. Qxb7 Nd7 6. Nc3 Ne7 7. cxd5 exd5 8. d4 Rb8 9. Qa6 Rb6 10. Qxa7 Ng6 11. Nf3 Bd6 12. Na4 Rb8 13. Qa6 0-0 14. h3 Bf5 15. Bd2 Re8 16. Rc1 Nf6 17. Rxc6 Ne4 18. Rxd6 Nxd6 19. b3 Nc4 20. Bg5 Qc7 21. Nc5 h6 22. 0-0 Nd6 23. Bd2 Ra8 0-1

[Event "FICGS W-ch st1 g01 email"]
[Site "FICGS email"]
[Date "2021.07.11"]
[Round "1"]
[White "Denisov, Timofey"]
[Black "Domingo, Jordi"]
[Result "1-0"]
[WhiteElo "2126"]
[BlackElo "2010"]
[PlyCount "79"]
[EventDate "2021.??.??"]
[EventType "tourn (corr)"]
[EventRounds "8"]
[SourceTitle "Corr 2024"]
[Source "ChessBase"]
[SourceDate "2023.10.19"]
[SourceVersion "1"]
[SourceVersionDate "2023.10.19"]
[SourceQuality "1"]

1. d4 d5 2. c4 dxc4 3. Nf3 c5 4. d5 e6 5. e4 exd5 6. exd5 Nf6 7. Bxc4 Bd6 8. Qe2+ Qe7 9. Nc3 a6 10. 0-0 Nbd7 11. Qxe7+ Kxe7 12. Re1+ Kf8 13. a4 b6 14. b3 Bb7 15. Ra2 Re8 16. Rae2 Rxe2 17. Rxe2 Bb8 18. Bb2 h6 19. Ne4 Nxe4 20. Rxe4 Rg8 21. Nh4 Nf6 22. Re1 Bc8 23. Nf3 Nd7 24. h4 g5 25. Bd3 f6 26. Re6 Kf7 27. h5 Rd8 28. Bc3 Bb7 29. Be4 Bc7 30. b4 Bf4 31. g3 Bc7 32. bxc5 Nxc5 33. Rxf6+ Ke7 34. Rxh6 Nxe4 35. Rh7+ Kd6 36. Be5+ Kxd5 37. Bxc7 Rf8 38. Bxb6 Bc6 39. Nh2 Bxa4 40. h6 1-0

[Event "FICGS W-ch st1 g01 email"]
[Site "FICGS email"]
[Date "2021.07.11"]
[Round "1"]
[White "Domingo, Jordi"]
[Black "Kachibacha, Jobadi"]
[Result "1-0"]
[WhiteElo "2010"]
[BlackElo "1802"]
[PlyCount "37"]
[EventDate "2021.??.??"]
[EventType "tourn (corr)"]
[EventRounds "8"]
[SourceTitle "Corr 2024"]
[Source "ChessBase"]
[SourceDate "2023.10.19"]
[SourceVersion "1"]
[SourceVersionDate "2023.10.19"]
[SourceQuality "1"]

1. e4 e5 2. Nf3 Nc6 3. Bc4 Nf6 4. Ng5 d5 5. exd5 Na5 6. d3 h6 7. Nf3 e4 8. Qe2 Nxc4 9. dxc4 Bc5 10. h3 0-0 11. Nh2 c6 12. dxc6 e3 13. Bxe3 Bxe3 14. fxe3 Ne4 15. Nf1 Qh4+ 16. g3 Qf6 17. c3 Nc5 18. Nbd2 Bf5 19. cxb7 1-0

[Event "FICGS W-ch st1 g01 email"]
[Site "FICGS email"]
[Date "2021.07.11"]
[Round "2"]
[White "Kachibacha, Jobadi"]
[Black "Domingo, Jordi"]
[Result "0-1"]
[WhiteElo "1802"]
[BlackElo "2010"]
[PlyCount "44"]
[EventDate "2021.??.??"]
[EventType "tourn (corr)"]
[EventRounds "8"]
[SourceTitle "Corr 2024"]
[Source "ChessBase"]
[SourceDate "2023.10.19"]
[SourceVersion "1"]
[SourceVersionDate "2023.10.19"]
[SourceQuality "1"]

1. c4 g5 2. d4 h6 3. Nc3 Bg7 4. e4 d6 5. Be3 Nf6 6. f3 Nc6 7. Nge2 e5 8. d5 Ne7 9. Ng3 c5 10. dxc6 bxc6 11. Qd2 Be6 12. Rd1 Nc8 13. h4 g4 14. f4 exf4 15. Bxf4 Qa5 16. Be2 Rb8 17. 0-0 h5 18. e5 Nd7 19. exd6 Qb6+ 20. Kh2 Qxb2 21. Nd5 Bxd5 22. cxd5 Qxd2 0-1

[Event "FICGS rapid A 000271 email"]
[Site "FICGS email"]
[Date "2021.06.22"]
[Round "1"]
[White "Domingo, Jordi"]
[Black "Rodriguez Perez, Rene"]
[Result "1-0"]
[WhiteElo "1989"]
[BlackElo "2133"]
[PlyCount "109"]
[EventDate "2021.??.??"]
[EventType "tourn (rapid)"]
[EventRounds "6"]
[SourceTitle "Corr 2024"]
[Source "ChessBase"]
[SourceDate "2023.10.19"]
[SourceVersion "1"]
[SourceVersionDate "2023.10.19"]
[SourceQuality "1"]

1. e4 e6 2. d4 d5 3. Nc3 Nf6 4. e5 Nfd7 5. f4 a6 6. Nf3 c5 7. Be3 Nc6 8. Qd2 Be7 9. dxc5 Nxc5 10. a3 0-0 11. Qf2 Qa5 12. 0-0-0 Nd7 13. Bd3 Rb8 14. Qg3 f5 15. exf6 Nxf6 16. Ne2 Qc7 17. Ned4 Bd6 18. Rhe1 Nxd4 19. Nxd4 b5 20. Bd2 Re8 21. Kb1 Bd7 22. Qh4 b4 23. axb4 Bxb4 24. Re3 Bxd2 25. Rxd2 Qc5 26. c3 Bb5 27. Bc2 Bc4 28. Rg3 Qa3 29. Bb3 Qf8 30. Bc2 Rb7 31. Kc1 a5 32. f5 exf5 33. Bxf5 Rb6 34. Nc2 a4 35. Qd4 Reb8 36. Na3 Bb3 37. Rf2 Kh8 38. Re2 Ne4 39. Rf3 Qd6 40. g4 h6 41. Rfe3 Qf8 42. Kb1 Nd6 43. Bg6 Kg8 44. Bd3 Ne4 45. Ka1 Nc5 46. Re1 Nxd3 47. Rxd3 Rf6 48. Rde3 Rf4 49. Qe5 Kh8 50. h3 Rf2 51. Qd4 Rd8 52. g5 Rf4 53. Qb6 d4 54. cxd4 hxg5 55. Nb5 1-0

[Event "FICGS rapid A 000271 email"]
[Site "FICGS email"]
[Date "2021.06.22"]
[Round "1"]
[White "Laduke, Matt"]
[Black "Domingo, Jordi"]
[Result "1-0"]
[WhiteElo "1900"]
[BlackElo "1989"]
[PlyCount "111"]
[EventDate "2021.??.??"]
[EventType "tourn (rapid)"]
[EventRounds "6"]
[SourceTitle "Corr 2024"]
[Source "ChessBase"]
[SourceDate "2023.10.19"]
[SourceVersion "1"]
[SourceVersionDate "2023.10.19"]
[SourceQuality "1"]

1. e4 e5 2. Nf3 d6 3. d4 exd4 4. Nxd4 Nf6 5. Nc3 Be7 6. Bf4 0-0 7. Qd2 d5 8. Ndb5 Bb4 9. 0-0-0 c6 10. Nc7 Nxe4 11. Qd4 Bxc3 12. bxc3 Qe7 13. c4 Qa3+ 14. Qb2 Qa5 15. cxd5 Nxf2 16. Be2 Na6 17. Nxa8 Nxh1 18. Rxh1 Nb4 19. Bc4 Qc5 20. Bd2 Nxd5 21. Bxd5 Qxd5 22. Re1 Rd8 23. Qc3 Qxa2 24. Re5 f6 25. Qa5 Qxa5 26. Rxa5 a6 27. Nb6 Be6 28. Ra3 Kf7 29. g3 h5 30. Be3 Re8 31. Na4 Bc8 32. Nb2 Re4 33. h4 Be6 34. Na4 Rg4 35. Bf2 Rb4 36. Nc5 Bc8 37. c3 Rb5 38. Ne4 Ke6 39. Bc5 b6 40. Bf8 Kf7 41. Bb4 Ke6 42. Bf8 Kf7 43. Bd6 Bf5 44. c4 Ra5 45. Rxa5 bxa5 46. Nd2 Ke6 47. Bf8 g5 48. Nb3 Kf7 49. Bd6 a4 50. Nd4 Bd3 51. c5 Bb5 52. Kb2 Kg6 53. Bc7 Kf7 54. Ba5 Kg6 55. Ka3 Kf7 56. Bd2 1-0

[Event "FICGS class A 000245 email"]
[Site "FICGS email"]
[Date "2021.04.12"]
[Round "1"]
[White "Domingo, Jordi"]
[Black "Chronopoulos, Antonis"]
[Result "0-1"]
[WhiteElo "2011"]
[BlackElo "2037"]
[PlyCount "102"]
[EventDate "2021.??.??"]
[EventType "tourn (corr)"]
[EventRounds "6"]
[SourceTitle "Corr 2024"]
[Source "ChessBase"]
[SourceDate "2023.10.19"]
[SourceVersion "1"]
[SourceVersionDate "2023.10.19"]
[SourceQuality "1"]

1. e4 e5 2. Nf3 Nc6 3. Bc4 Bc5 4. c3 Nf6 5. d4 exd4 6. e5 d5 7. Bb5 Ne4 8. cxd4 Bb6 9. Be3 0-0 10. Nc3 Bg4 11. h3 Bh5 12. Qc2 Nxc3 13. bxc3 f6 14. Bxc6 Bxf3 15. gxf3 bxc6 16. f4 Qe7 17. Rg1 c5 18. Rg3 cxd4 19. cxd4 fxe5 20. fxe5 c5 21. dxc5 Rac8 22. Qb2 Bxc5 23. Bxc5 Rxc5 24. Rd1 Rc4 25. Rg4 h5 26. Rxc4 dxc4 27. Qd4 Kh8 28. Rd2 Rc8 29. Ke2 c3 30. Rc2 Qb7 31. Rxc3 Qb2+ 32. Kd3 Qb1+ 33. Ke3 Qe1+ 34. Kd3 Rf8 35. f4 Qd1+ 36. Ke3 Qg1+ 37. Kd3 Qd1+ 38. Ke3 Qg1+ 39. Kd3 Qg2 40. h4 Qg6+ 41. Ke2 Qg4+ 42. Rf3 Rc8 43. Qd3 Rb8 44. Qd4 Qxh4 45. Rb3 Rd8 46. Qb2 Qg4+ 47. Ke3 Kh7 48. Qb1+ Kh6 49. Rb6+ g6 50. Rd6 Rc8 51. Qb4 h4 0-1

[Event "FICGS class C 000333 email"]
[Site "FICGS email"]
[Date "2020.11.07"]
[Round "1"]
[White "Domingo, Jordi"]
[Black "Pech, Jaroslav Sr"]
[Result "1/2-1/2"]
[WhiteElo "1952"]
[BlackElo "1819"]
[PlyCount "94"]
[EventDate "2020.??.??"]
[EventType "tourn (corr)"]
[EventRounds "1"]
[SourceTitle "Corr 2024"]
[Source "ChessBase"]
[SourceDate "2023.10.19"]
[SourceVersion "1"]
[SourceVersionDate "2023.10.19"]
[SourceQuality "1"]

1. e4 d5 2. exd5 Qxd5 3. Nc3 Qa5 4. d4 Nf6 5. Nf3 Bf5 6. Bc4 e6 7. Bd2 c6 8. Nd5 Qd8 9. Nxf6+ Qxf6 10. Qe2 Bg4 11. 0-0-0 Be7 12. Kb1 Nd7 13. Qe3 Bxf3 14. gxf3 Nb6 15. Bb3 0-0-0 16. c3 a5 17. a4 g5 18. c4 Qxd4 19. Bxa5 Qxe3 20. fxe3 Rxd1+ 21. Rxd1 Nd7 22. Bc2 f5 23. Bc3 Rf8 24. Rg1 h5 25. h3 Rg8 26. e4 f4 27. Bd1 Bf6 28. Kc2 c5 29. h4 Bxc3 30. Kxc3 Ne5 31. hxg5 Kc7 32. a5 h4 33. Be2 h3 34. Rh1 Rh8 35. Rh2 Rh5 36. g6 Nxg6 37. Bf1 Ne5 38. Rxh3 Rxh3 39. Bxh3 Kd6 40. b4 cxb4+ 41. Kxb4 Nxf3 42. c5+ Kd7 43. c6+ Kxc6 44. Bxe6 Ne5 45. Bd5+ Kc7 46. Kc3 b5 47. axb6+ Kxb6 1/2-1/2